| 000 | 00834nam a22002537a 4500 | ||
|---|---|---|---|
| 005 | 20170123162317.0 | ||
| 010 | _aA-442879 | ||
| 020 | _c75.00 | ||
| 035 | _aA-442879 | ||
| 037 | _bCen Lib/Ret | ||
| 040 |
_aDPL _bUR |
||
| 082 |
_a840.8 _bر ف ع |
||
| 100 |
_aرفعت سروش _9139511 |
||
| 245 |
_aقلم کے صفیر : _cرفعت سروش _bمضامین / |
||
| 246 |
_aQlam ke safeer : mazamen / _bby Rafat Sarosh |
||
| 260 |
_aنیی دہلی _bرفعت سروش _c1990 |
||
| 270 |
_a2B, پککٹ سی سدھر ایکسٹینشن _bنیی دہلی _e110014 |
||
| 300 |
_a240p. _c21cm(Hb) |
||
| 650 |
_a ادب - اردو _v _9139512 |
||
| 650 |
_a اردو مضمون _9139513 |
||
| 650 |
_aLiterature -- Urdu _9139514 |
||
| 650 |
_aUrdu essays _9528 |
||
| 942 |
_2ddc _cUR _h840.8 _mر ف ع |
||
| 999 |
_c106797 _d106797 |
||